[Event "Bundesliga 9596"]
[Site "Germany"]
[Date "1996.??.??"]
[Round "?"]
[White "Libeau, Rene"]
[Black "Backwinkel, Paul"]
[Result "1/2-1/2"]
[WhiteElo "2460"]
[BlackElo "2410"]

1.c4 c6 2.Nc3 d5 3.d4 Nf6 4.Nf3 a6 5.c5 Nbd7 6.Bf4 Nh5 7.e3 g6 8.Bg5 h6 9.Bh4 Bg7
10.Be2 O-O 11.Nd2 Nhf6 12.f4 Nh7 13.Nf3 Ndf6 14.Ne5 g5 15.Bg3 Ne4 16.Nxe4 dxe4
17.fxg5 Nxg5 18.Nc4 Be6 19.Nb6 Ra7 20.Qc2 Bd5 21.O-O-O Ne6 22.Bc4 Bxc4 23.Qxc4 Nc7
24.Bxc7 Qxc7 25.Rdf1 e5 26.d5 cxd5 27.Nxd5 Qd8 28.Rf5 a5 29.Rhf1 Ra6 30.Nb6 Qc7
31.Nd5 Qd8 32.Nc3 Qc7 33.Nxe4 Rc6 34.Kb1 b6 35.g4 bxc5 36.g5 Qb7 37.Nf6+ Kh8
38.Rxe5 Rb6 39.Qc2 Bxf6 40.gxf6 Qa6 41.Rc1 Rfb8 42.b3 a4 43.Rh5 Rxf6 44.Rxc5 axb3
45.Rc8+ Rxc8 46.Qxc8+ Qxc8 47.Rxc8+ Kg7 48.axb3 Re6 49.Rc3 Kg6 50.Kc2 Kg5
51.Kd3 Kg4 52.Rc4+ Kh3 53.b4 Kxh2 54.b5 Rb6 55.Rc5 Kg3 56.Kc4 Re6 57.Kd4 Rb6
58.Kc4 Re6 59.Kd4 Rb6 60.Rf5 Kg4 61.Rf4+ Kg5 62.Kc5 Re6 63.b6 Rxe3 64.Rxf7 h5
65.b7 Rb3 66.Kc6 h4 67.Rd7 h3 68.Rh7 Kg4 69.Kc7 Kg3 70.b8=Q Rxb8 71.Kxb8 h2
72.Rxh2 Kxh2  1/2-1/2

[Event "BL2-W9697"]
[Site "Germany"]
[Date "1996.??.??"]
[Round "?.2"]
[White "Cicak, Slavko"]
[Black "Boidman, Yuri"]
[Result "1/2-1/2"]
[WhiteElo "2445"]
[BlackElo "2365"]

1.c4 c6 2.e4 e5 3.Nf3 d6 4.d4 Nd7 5.Nc3 Ngf6 6.Be2 Be7 7.O-O O-O 8.Qc2 Qc7
9.Bg5 a6 10.Rac1 h6 11.Be3 Re8 12.h3 Bf8 13.a3 g6 14.b4 Bg7 15.dxe5 dxe5
16.c5 Nf8 17.Na4 Be6 18.Nb6 Rad8 19.Nd2 N6d7 20.Nbc4 f5 21.f3 f4 22.Bf2 Re7
23.Nd6 b5 24.a4 Nf6 25.axb5 axb5 26.Nb3 Red7 27.Na5 Rb8 28.Ra1 Ne8 29.Nab7 Rxb7
30.Nxe8 Qb8 31.Nxg7 Kxg7 32.Ra6 Qc7 33.Rd1 Rxd1+ 34.Qxd1 Ra7 35.Rxa7 Qxa7
36.Be1 Qd7 37.Qa1 Qc7 38.Bc3 Kf6 39.Qa8 Qc8 40.Qa7 Nd7 41.Qa1 g5 42.Qa5 h5
43.Be1 Nf8 44.Qa1 Ng6 45.Bc3 g4 46.g3 gxf3 47.Bxf3 fxg3 48.Bxh5 Bxh3 49.Qc1 Qh8
50.Qd1 Kg5 51.Bxg6 Be6 52.Qh5+  1/2-1/2

[Event "BL2-W9697"]
[Site "Germany"]
[Date "1996.??.??"]
[Round "?.3"]
[White "Tomaszewski, Roman"]
[Black "Koehn, Peter"]
[Result "1-0"]
[WhiteElo "2320"]
[BlackElo "2260"]

1.c4 c6 2.d4 d5 3.Nf3 Nf6 4.cxd5 cxd5 5.Nc3 Nc6 6.Bf4 Nh5 7.Bd2 Nf6 8.e3 a6
9.Ne5 Bd7 10.Bd3 e6 11.O-O Be7 12.Rc1 O-O 13.f4 Be8 14.Rf3 Na7 15.Rh3 g6
16.Qb3 b5 17.g4 Nc8 18.g5 Nh5 19.Ne2 Nd6 20.Ng3 Ng7 21.Ng4 Rc8 22.Rxc8 Qxc8
23.Nf6+ Bxf6 24.gxf6 Ngf5 25.Bxf5 exf5 26.Bb4 Qe6 27.Qa3 Nc4 28.Qc3 Nd6 29.Qc5 a5
30.Qxd6  1-0

[Event "Hessenliga 9596"]
[Site "Germany"]
[Date "1996.??.??"]
[Round "?"]
[White "Paszek, Adam"]
[Black "Schuster, Birgit"]
[Result "1-0"]
[WhiteElo "2285"]
[BlackElo "2225"]

1.c4 c6 2.d4 d5 3.Nc3 e6 4.Nf3 f5 5.cxd5 exd5 6.g3 Nf6 7.Bg2 Bd6 8.O-O O-O
9.Ne5 Nbd7 10.Bf4 Bxe5 11.dxe5 Ne4 12.Nxe4 fxe4 13.Qd4 Qe7 14.f3 Nc5 15.fxe4 Nxe4
16.Bxe4 dxe4 17.Qxe4 Be6 18.Qc2 c5 19.Rad1 b6 20.h4 Qb7 21.a3 Bd5 22.Qd3 Be6
23.Qf3 Qf7 24.Rd6 Rfe8 25.Rfd1 Rac8 26.Kh2 Qc7 27.h5 Qe7 28.Qe3 Bg4 29.h6 g6
30.R1d2 Rf8 31.e6 Rxf4 32.Qxf4 Bxe6 33.Qe5  1-0

[Event "Hessenliga 9596"]
[Site "Germany"]
[Date "1996.??.??"]
[Round "?"]
[White "Stratmann, Burkhard"]
[Black "Meiser, Markus"]
[Result "1-0"]
[WhiteElo "2220"]
[BlackElo "2270"]

1.c4 c6 2.e4 d6 3.d4 Nf6 4.Nc3 g6 5.Nf3 Bg7 6.Be2 O-O 7.O-O a6 8.d5 b5 9.cxb5 axb5
10.dxc6 b4 11.Nd5 Nxc6 12.Bb5 Bd7 13.Bg5 Ra5 14.Bxf6 Rxb5 15.Bxg7 Kxg7 16.Rc1 Qa5
17.Nxe7 Nxe7 18.Qxd6 Bg4 19.Qxe7 Bxf3 20.gxf3 Qxa2 21.Rc7 Qxb2 22.Rd1 Qe2
23.Rd8 Rxd8 24.Qxf7+ Kh6 25.Qxh7+ Kg5 26.h4+ Kf4 27.Rf7+ Ke5 28.Qg7+ Kd6
29.Qd4+ Kc6 30.Qxd8 Rc5 31.Qd7+  1-0

[Event "Bundesliga 9596"]
[Site "Germany"]
[Date "1996.??.??"]
[Round "?"]
[White "Schlemmermeyer, Wilhelm"]
[Black "Lentrodt, Thomas"]
[Result "1-0"]
[WhiteElo "2345"]
[BlackElo "2265"]

1.c4 c6 2.e4 d5 3.exd5 cxd5 4.cxd5 Nf6 5.Nc3 Nxd5 6.Nf3 e6 7.d4 Be7 8.Bd3 Nc6
9.O-O O-O 10.Re1 Nxc3 11.bxc3 Qa5 12.Qc2 g6 13.Rb1 a6 14.Be4 Qc7 15.h4 Bd7
16.h5 Bf6 17.Ba3 Rfc8 18.hxg6 hxg6 19.Bxg6 Be8 20.Bh7+ Kg7 21.Re4 Ne7 22.Rg4+ Ng6
23.Bxg6 fxg6 24.Qe4 b5 25.Ne5 Bxe5 26.dxe5 Ra7 27.Qe3 Bf7 28.Bd6 Qb7 29.Rh4 Rh8
30.Rbb4 Raa8 31.Qg5  1-0

[Event "Landesliga S9596 Bayern"]
[Site "Germany"]
[Date "1996.??.??"]
[Round "?"]
[White "Taeger, Winfried"]
[Black "Gesing, Oliver"]
[Result "1-0"]
[WhiteElo "2210"]
[BlackElo "2165"]

1.c4 c6 2.d4 d5 3.Nc3 Nf6 4.Nf3 dxc4 5.g3 b5 6.Bg2 Bb7 7.Ne5 Nd5 8.a4 a6
9.Ne4 Nd7 10.Nxd7 Qxd7 11.Nc5 Qc8 12.e4 Nb6 13.a5 Nd7 14.Nxb7 Qxb7 15.O-O Rd8
16.d5 Ne5 17.Qd4 Nd3 18.Qb6 Rb8 19.Be3 cxd5 20.exd5 Qc8 21.Qc6+ Qxc6 22.dxc6 e6
23.c7 Rc8 24.Bc6+ Ke7 25.Bb6 Kd6 26.Bb7 Rxc7 27.Bxa6 Nxb2 28.Bxc7+ Kxc7 29.Bxb5 c3
30.a6 Bc5 31.a7 Ra8 32.Ra6 Bd4 33.Rfa1 c2 34.Rc1 Kb7 35.Rxc2 Rxa7 36.Rxa7+ Kxa7
37.Kf1 Kb6 38.Be8 f5 39.Rc6+ Ka5 40.Rxe6 Kb4 41.Ke2 Kc5 42.f4 Bf6 43.Ra6 Nc4
44.Bd7 Nd6 45.Kd3 g6 46.Be6 h6 47.Ra7 g5 48.Rh7 Bb2 49.Rxh6 gxf4 50.gxf4 Bc1
51.Rh5 Bxf4 52.Bxf5 Kc6 53.Be6 Ne8 54.Rh8 Nf6 55.h4 Kd6 56.Bf5 Ke7 57.h5 Kf7
58.h6 Be5 59.Ra8 Ne8 60.h7 Bg7 61.Be4 Bb2 62.Bd5+ Ke7 63.Bc6  1-0

[Event "Landesliga Sued 9697 Bayern"]
[Site "Germany"]
[Date "1996.??.??"]
[Round "?"]
[White "Stocker, Rupert"]
[Black "Link, Ulrich"]
[Result "0-1"]
[WhiteElo "2110"]
[BlackElo "2105"]

1.c4 c6 2.e4 d5 3.exd5 cxd5 4.cxd5 Nf6 5.Bb5+ Nbd7 6.Nc3 a6 7.Qa4 g6 8.d4 Bg7
9.Bf4 O-O 10.Be2 Nb6 11.Qa5 Nbxd5 12.Qxd8 Rxd8 13.Be5 Nb4 14.Rc1 Bh6 15.Rd1 Nc2+
16.Kf1 Ng4 17.Nf3 Nxe5 18.dxe5 Be6 19.h3 b5 20.a3 Rac8 21.g3 Rxd1+ 22.Nxd1 Bd5
23.Rg1 Bg7 24.Nd2 Bxe5 25.Bf3 Be6 26.Kg2 Nd4 27.Re1 Nxf3 28.Nxf3 Bf6 29.Ne5 Rc5
30.Nd3 Rc6 31.Nf4 Bb3 32.Ne3 Rd6 33.Rc1 Rd2 34.Rc8+ Kg7 35.Ra8 e5 36.Rxa6 exf4
37.Ng4  0-1

[Event "BL2-N9596"]
[Site "Germany"]
[Date "1996.??.??"]
[Round "?"]
[White "Schulze, Sven"]
[Black "Bunzmann, Dimitrij"]
[Result "0-1"]
[WhiteElo "2185"]
[BlackElo "2250"]

1.c4 c6 2.Nf3 Nf6 3.b3 d5 4.Bb2 Bg4 5.e3 e6 6.Be2 Nbd7 7.O-O Bd6 8.d3 O-O
9.Nbd2 Qe7 10.Nd4 Ne5 11.N2f3 Nxf3+ 12.Bxf3 Bxf3 13.Qxf3 dxc4 14.bxc4 Nd7
15.Rab1 Qh4 16.g3 Qh3 17.Qg2 Qh5 18.Bc3 Rab8 19.Nxc6 bxc6 20.Qxc6 Be5 21.d4 Rxb1
22.Rxb1 Qg6 23.Rb7 Nb8 24.Qb5 Qe4 25.dxe5 Nc6 26.Bd4 h5 27.Qb1 Qf3 28.Rb5 Rd8
29.Rb3 h4 30.gxh4 g6 31.h5 Qg4+ 32.Kf1 Kg7 33.hxg6 Nxd4 34.exd4 Rxd4 35.Rd3 Qe4
36.Rxd4 Qxb1+ 37.Kg2 Qxg6+ 38.Kf1 Qb1+ 39.Kg2 Qxa2 40.c5 Qc2 41.Rg4+ Kf8
42.h4 Qxc5 43.Rg5 a5 44.h5 f6  0-1

[Event "BL2-N9596"]
[Site "Germany"]
[Date "1996.??.??"]
[Round "?"]
[White "Bunzmann, Dimitrij"]
[Black "Kues, Hendrik"]
[Result "1-0"]
[WhiteElo "2250"]
[BlackElo "2220"]

1.c4 c6 2.Nf3 Nf6 3.d4 d5 4.e3 g6 5.Nc3 Bg7 6.cxd5 cxd5 7.Bb5+ Nbd7 8.Qb3 a6
9.Bd3 e6 10.O-O O-O 11.Bd2 Re8 12.h3 e5 13.Nxe5 Nxe5 14.dxe5 Rxe5 15.Rfd1 Ne4
16.Nxe4 dxe4 17.Bc4 Qg5 18.Bxf7+ Kh8 19.Kf1 Rf5 20.Bc3 Qe7 21.Bc4 b5 22.Bd5 Ra7
23.Bxe4 Be6 24.Qxe6 Qxe6 25.Rd8+ Qg8 26.Bxg7+ Kxg7 27.Rxg8+ Kxg8 28.Bxf5 gxf5
29.Rc1 Kf7 30.Rc6 a5 31.Rc5  1-0

[Event "Bundesliga 9596"]
[Site "Germany"]
[Date "1996.??.??"]
[Round "?"]
[White "Uhlmann, Wolfgang"]
[Black "Hermann, Manfred"]
[Result "1-0"]
[WhiteElo "2490"]
[BlackElo "2385"]

1.c4 c6 2.d4 d5 3.Nf3 Nf6 4.Nc3 dxc4 5.a4 Bf5 6.e3 e6 7.Bxc4 Bb4 8.O-O O-O
9.Qb3 Qe7 10.Bd2 c5 11.d5 Bxc3 12.Bxc3 Nxd5 13.Bxd5 exd5 14.Qxd5 Be4 15.Qg5 f6
16.Qf4 Nc6 17.Rfd1 Rad8 18.h4 Rfe8 19.h5 h6 20.Nh4 Qe6 21.f3 Bc2 22.Rxd8 Rxd8
23.e4 Qf7 24.Nf5 Bb3 25.Qe3 Kh8 26.Qxc5 Qxh5 27.a5 Qe8 28.Qb5 Be6 29.Qxb7 Bxf5
30.exf5 Rd7 31.Qb5 Qc8 32.Qc4 Rc7 33.Qe6 Qxe6 34.fxe6 Re7 35.Re1 Nd8 36.b4 a6
37.Bd4 Rxe6 38.Rxe6 Nxe6 39.Bb6 Nf4 40.b5  1-0

[Event "Landesliga N9596 Bayern"]
[Site "Germany"]
[Date "1996.??.??"]
[Round "?"]
[White "Kreuzer, Gerhard"]
[Black "Goetz, Andreas"]
[Result "1-0"]
[WhiteElo "2110"]
[BlackElo "2090"]

1.c4 c6 2.Nf3 d5 3.g3 dxc4 4.Bg2 Nf6 5.O-O g6 6.a4 Bg7 7.Na3 Nbd7 8.Qc2 Ng4
9.Nxc4 Nde5 10.Ncxe5 Nxe5 11.Nxe5 Bxe5 12.a5 O-O 13.d3 Qc7 14.Bd2 Bd7 15.Rfc1 Rac8
16.Bc3 Bxc3 17.Qxc3 Qd6 18.d4 Rfe8 19.Rd1 Bg4 20.f3 Be6 21.e4 f5 22.e5 Qd5
23.f4 Qc4 24.Qxc4 Bxc4 25.Rac1 Bb5 26.d5 Red8 27.dxc6 Rxd1+ 28.Rxd1 bxc6
29.Rd7 a6 30.Kf2 Kf7 31.Ke3 Ke6 32.Rd2 Ba4 33.Bf1 Bb5 34.Bg2 Ba4 35.Rd4 Bb5
36.b4 h6 37.Bf3 g5 38.Bd1 Kf7 39.Bb3+ Kg6 40.Be6 Re8 41.h4 gxh4 42.gxh4 Rf8
43.Rd7 Kh5 44.Rxe7 Kxh4 45.Rf7 Rg8 46.Rxf5 Rd8 47.Rf6 Rd3+ 48.Ke4 h5 49.Bf7 Rb3
50.Bxb3  1-0

[Event "Landesliga Nord 9697 Bayern"]
[Site "Germany"]
[Date "1996.??.??"]
[Round "?"]
[White "Delitzsch, Juergen"]
[Black "Kreuzer, Martin"]
[Result "0-1"]
[WhiteElo "2225"]
[BlackElo "2340"]

1.c4 c6 2.Nf3 d5 3.b3 Nf6 4.Bb2 Bg4 5.Ne5 Bh5 6.g3 Nbd7 7.Nxd7 Qxd7 8.Bg2 e6
9.O-O Bd6 10.d4 O-O 11.Nc3 Qe7 12.Qd2 Rad8 13.cxd5 exd5 14.a3 Bg6 15.b4 a6
16.Rae1 Ne4 17.Nxe4 dxe4 18.Qc3 f5 19.e3 Bf7 20.f3 exf3 21.Bxf3 Bd5 22.Qc2 Be4
23.Bxe4 Qxe4 24.Qxe4 fxe4 25.Bc3 Rxf1+ 26.Kxf1 g6 27.a4 Kf7 28.Rb1 b5 29.axb5 axb5
30.Ra1 Ke6 31.Ra7 Rd7 32.Ra8 Kd5 33.Rc8 Ra7 34.Be1 Ra1 35.Kf2 Ra2+ 36.Kf1 Rxh2
37.Rd8 Ke6 38.g4 Rh1+ 39.Ke2 Rg1 40.Rh8 Rxg4 41.Rxh7 Rg2+ 42.Kf1 Rb2 43.Rg7 Kf6
44.Rd7 Bxb4 45.Bxb4 Rxb4 46.Rd6+ Kf5 47.Rxc6 Rb2 48.Ke1 b4 49.Rc8 b3 50.Rb8 g5
51.Rb5+ Kf6 52.Rb6+ Ke7 53.Kd1 g4 54.Rg6 Rg2 55.Kc1 g3 56.Kb1 Kd7 57.Rg7+ Kc6
58.Rg5 Kb6 59.Rg4 Kb5 60.Rg5+ Kc4 61.Rg8 Kd3 62.d5 Kxe3 63.d6 Rd2 64.Rxg3+ Kf4
65.Rxb3 Rxd6 66.Kc1 e3 67.Rb8 e2 68.Rf8+ Ke3 69.Re8+ Kd3 70.Re7 Rc6+ 71.Kb2 Rc4  0-1

[Event "NRW-Liga II 9596"]
[Site "Germany"]
[Date "1996.??.??"]
[Round "?"]
[White "Miezis, Normunds"]
[Black "Forchert, Martin"]
[Result "1-0"]
[WhiteElo "2505"]
[BlackElo "2350"]

1.c4 c6 2.e4 e5 3.Nc3 Bb4 4.g3 Nf6 5.Bg2 d6 6.Nge2 Be6 7.d3 d5 8.exd5 cxd5
9.Bg5 Nc6 10.Qb3 Qa5 11.Bxf6 dxc4 12.dxc4 gxf6 13.O-O Bxc3 14.Qxb7 O-O 15.Nxc3 Nd4
16.b4 Qa3 17.Ne4 Bxc4 18.Nxf6+ Kg7 19.Qe7 Nf3+ 20.Kh1 Kg6 21.Nd7  1-0

[Event "Bundesliga 9697"]
[Site "Germany"]
[Date "1996.??.??"]
[Round "?.3"]
[White "Smejkal, Jan"]
[Black "Miltner, Arndt"]
[Result "1/2-1/2"]
[WhiteElo "2500"]
[BlackElo "2330"]

1.c4 c6 2.d4 d5 3.Nf3 Nf6 4.Nc3 Qb6 5.Qc2 Bg4 6.c5 Qd8 7.Ne5 Bh5 8.Qb3 Qc8
9.e4 e6 10.exd5 exd5 11.Bd3 Nbd7 12.O-O Nxe5 13.Re1 Be7 14.Rxe5 Bg6 15.Bxg6 hxg6
16.Bg5 Kf8 17.Rae1 Bd8 18.h3 Qd7 19.Qd1 Kg8 20.Qf3 Kh7 21.R1e3 Rf8 22.a3  1/2-1/2

[Event "NRW-Liga II 9697"]
[Site "Germany"]
[Date "1996.??.??"]
[Round "1.4"]
[White "Balster, Stefan"]
[Black "Kreutzkamp, Reinhold"]
[Result "1/2-1/2"]
[WhiteElo "2290"]
[BlackElo "2255"]

1.c4 c6 2.Nf3 d5 3.b3 Nf6 4.g3 Bg4 5.Bg2 e6 6.O-O Nbd7 7.Bb2 Be7 8.d3 O-O
9.Nbd2 a5 10.a3 Qb6 11.Qc2 Rfc8 12.Rfe1 Bh5 13.h3 h6 14.Bc3 Qd8 15.Qb2 Qf8
16.b4 axb4 17.axb4 Rxa1 18.Rxa1 Ra8 19.b5 Rxa1+ 20.Qxa1 cxb5 21.cxb5 Qc8
22.Bd4 Bxf3 23.Nxf3 Bc5 24.Qc1 Qc7 25.Bxc5 Qxc5 26.Qxc5 Nxc5 27.Nd4 Kf8 28.f4 Ke7
29.Kf2 Kd6 30.Ke3 Na4 31.g4 Nd7 32.h4 Kc5 33.g5 Nc3 34.Nb3+ Kb4 35.Nd4 Nxb5
36.f5 Nc7 37.f6 gxf6 38.gxh6 Nf8 39.Bf3 Ne8 40.Kd2 Kc5 41.Nb3+ Kd6 42.e4 dxe4
43.Bxe4 f5 44.Bxb7 Nf6 45.Bf3 Ng8 46.d4 Nxh6 47.Na5 Ke7 48.Nc4 Kf6 49.h5 Kg5
50.Bc6 Kxh5 51.d5 exd5 52.Bxd5 f6 53.Nd6 Kg5 54.Ke3 f4+ 55.Kf3 Ng6 56.Ne4+ Kf5
57.Nf2 Ne5+ 58.Ke2 Nhg4 59.Be4+ Ke6 60.Nh3 f3+  1/2-1/2

[Event "NRW-Liga I 9697"]
[Site "Germany"]
[Date "1996.??.??"]
[Round "2.6"]
[White "Bachmann, Karlheinz"]
[Black "Hoenig, Alexander"]
[Result "1/2-1/2"]
[WhiteElo "2325"]
[BlackElo "2250"]

1.c4 c6 2.d4 d5 3.cxd5 cxd5 4.Nc3 Nf6 5.Nf3 Nc6 6.Bf4 e6 7.e3 Be7 8.Ne5 O-O
9.Bd3 Nd7 10.Qh5 f5 11.Nxd7 Bxd7 12.O-O Qb6 13.Qe2 Na5 14.Bb5 Bxb5 15.Qxb5 Qxb5
16.Nxb5 Kf7 17.Rfc1 a6 18.Nd6+ Bxd6 19.Bxd6 Rfc8 20.b3 Ke8 21.Kf1  1/2-1/2

[Event "Giessen op"]
[Site "Giessen"]
[Date "1996.??.??"]
[Round "5"]
[White "Kuenitz, Klaus"]
[Black "Knopp, Ingmar"]
[Result "1-0"]
[WhiteElo "2175"]
[BlackElo "2130"]

1.c4 c6 2.Nc3 d5 3.d4 Nf6 4.Nf3 g6 5.Bg5 Bg7 6.e3 Qa5 7.Qd2 Nbd7 8.Be2 h6
9.Bh4 a6 10.O-O dxc4 11.Bxc4 Qh5 12.Bg3 O-O 13.e4 c5 14.d5 b5 15.Bd3 Ng4
16.Ne2 g5 17.Rac1 c4 18.Bb1 Nde5 19.Nfd4 Ng6 20.h3 Nf6 21.f3 Ne8 22.Bf2 Be5
23.Nc6 Bf4 24.Nxf4 gxf4 25.Bc5 Nd6 26.Nxe7+ Nxe7 27.Bxd6 Ng6 28.Bxf8 Kxf8
29.e5 Bxh3 30.gxh3 Nh4 31.Qxf4 f5 32.e6 Ra7 33.Qb8+  1-0

[Event "Gistrup"]
[Site "Gistrup"]
[Date "1996.??.??"]
[Round "2"]
[White "Rasmussen, Karsten"]
[Black "Hellsten, Johan"]
[Result "0-1"]
[WhiteElo "2435"]
[BlackElo "2490"]

1.c4 c6 2.d4 d5 3.Nc3 Nf6 4.e3 a6 5.Nf3 b5 6.b3 Bg4 7.Be2 e6 8.O-O Be7 9.h3 Bh5
10.Ne5 Bxe2 11.Qxe2 O-O 12.Bd2 Nfd7 13.Nxd7 Nxd7 14.e4 dxc4 15.bxc4 Nb6 16.c5 Nc4
17.Be3 f5 18.exf5 Rxf5 19.a4 Qd7 20.axb5 cxb5 21.Rfb1 Qc6 22.Qd3 Bd8 23.d5 Qc8
24.d6 Nxe3 25.Qxe3 Rxc5 26.Ne4 Re5 27.Qf3 Ra7 28.Rd1 Qa8 29.Re1 b4 30.Rad1 b3
31.Qf4 Rf5 32.Qg3 a5 33.Qxb3 Re5 34.Nc5 Rxc5 35.Qxe6+ Rf7 36.d7 Qc6 37.Rd6 Qc7
38.Qe8+ Rf8 39.Qe6+ Kh8 40.Rd3 Rc1 41.Rf3 Rxe1+ 42.Qxe1 Bf6 43.Qe8 Qd8 44.Re3 g6
45.Qe6 Kg7 46.Rd3 Qe7  0-1

[Event "Gistrup"]
[Site "Gistrup"]
[Date "1996.??.??"]
[Round "5"]
[White "Aleksandrov, Aleksej"]
[Black "Filippov, Valerij"]
[Result "1/2-1/2"]
[WhiteElo "2550"]
[BlackElo "2565"]

1.c4 c6 2.b4 Nf6 3.Bb2 d5 4.e3 Nbd7 5.Nf3 e6 6.a3 Bd6 7.Be2 O-O 8.Nc3 e5
9.cxd5 cxd5 10.Qb3 e4 11.Nd4 Nb6 12.h3 Bd7 13.a4 Be5 14.a5 Nc4 15.Bxc4 dxc4
16.Qxc4 Rc8 17.Qe2 Bxd4 18.exd4 Be6 19.Qe3 Bc4 20.d5 Nxd5 21.Nxd5 Qxd5 22.Bc3 f5
23.Qd4 Qf7 24.Qxa7 Rfd8 25.a6 Bxa6 26.Rxa6 bxa6 27.Qxa6 Ra8 28.Qb5 Rdb8 29.Qe5 Re8
30.Qf4 Qc4 31.h4 Ra7 32.Rh3 Qb5 33.Re3 Rc8 34.f3 h6 35.Kf2 Rc4 36.fxe4 fxe4
37.Kg1 Rf7 38.Qg4 Qb6 39.Kh1 Qd6 40.Qe2 Qd5 41.Kg1 Rf4 42.Rg3 Rc7 43.Rg4 Rxg4
44.Qxg4 e3 45.Qe2 Qe4 46.b5 h5 47.b6 Qb1+ 48.Kh2 Qxb6 49.Qxh5 Qe6 50.Qe2 Qe4
51.Kg1 Qe6 52.Kh2 Rc4 53.Kg1 Kh8 54.Qh5+ Kg8 55.Qe2 Rc5 56.Kh2 Qe4 57.Kg1 Qe6
58.Kh2 Qd6+ 59.Kh3 Qe7 60.Kg3 Rc6 61.Kf3 Qf7+ 62.Kg3 Rg6+ 63.Kh2 Qf2 64.Qc4+ Kh8
65.Qe4 e2 66.d3 Qg3+ 67.Kg1 Rb6 68.Qe8+ Kh7 69.Qh5+  1/2-1/2

[Event "Gistrup"]
[Site "Gistrup"]
[Date "1996.??.??"]
[Round "9"]
[White "Nielsen, Peter Heine"]
[Black "Hellsten, Johan"]
[Result "1-0"]
[WhiteElo "2530"]
[BlackElo "2490"]

1.c4 c6 2.e4 d5 3.exd5 Nf6 4.Nc3 cxd5 5.d4 e6 6.Nf3 Bb4 7.Bd3 dxc4 8.Bxc4 O-O
9.O-O b6 10.Bg5 Bb7 11.Re1 Nbd7 12.Rc1 Rc8 13.Qb3 Be7 14.Bxf6 gxf6 15.d5 Kh8
16.dxe6 Nc5 17.Qd1 Qxd1 18.Rcxd1 Bxf3 19.gxf3 fxe6 20.Bxe6 Rcd8 21.Bf5 Rxd1
22.Rxd1 Rd8 23.Rxd8+ Bxd8 24.Nd5 a5 25.Kf1 Nb7 26.Ke2 Nd6 27.Bd7 Kg7 28.Kd3 Kf7
29.Kd4 Nb7 30.Bf5 h6 31.b3 Nd6 32.Bd7 Nb7 33.h3 Be7 34.Nxe7 Kxe7 35.Bc6 Nc5
36.Bd5 Na6 37.Bc4 Nb4 38.a4 Nc6+ 39.Kd5 Nb4+ 40.Ke4 Nc2 41.f4 Ne1 42.Kf5 Ng2
43.Bd5 Nh4+ 44.Kg4 Ng6 45.Be4 Kf7 46.Bxg6+ Kxg6 47.f5+ Kf7 48.Kh5 Kg7 49.h4 Kh7
50.Kg4 Kg7 51.Kf4 Kf7 52.Ke4 Ke8 53.Kd5 Kd7 54.h5  1-0

[Event "Gleisdorf ch"]
[Site "Gleisdorf"]
[Date "1996.??.??"]
[Round "6"]
[White "Hainzl, M."]
[Black "Egle, Helmut Mag"]
[Result "0-1"]
[WhiteElo "1655"]
[BlackElo "1715"]

1.c4 c6 2.Nc3 d5 3.d4 Nf6 4.Nf3 e6 5.Bg5 h6 6.Bh4 Nbd7 7.c5 Be7 8.e3 O-O
9.Bd3 Re8 10.O-O Nh5 11.Bg3 Nxg3 12.fxg3 e5 13.Be2 e4 14.Nh4 Bxh4 15.gxh4 Qxh4
16.Rf4 Qe7 17.Qe1 Nf8 18.Qg3 Ng6 19.Rf2 Be6 20.Raf1 Qh4 21.Qc7 Re7 22.Qa5 Qg5
23.Nd1 Bg4 24.Bxg4 Qxg4 25.Qd2 Rf8 26.Kh1 Qe6 27.Rf5 Nh8 28.Qf2 Qd7 29.Qg3 Re6
30.Nf2 Qd8 31.Ng4 Ng6 32.Qf2 Qe7 33.Qg3 Qh4 34.Qxh4 Nxh4 35.R5f2 Ng6 36.Rf5 f6
37.Kg1 Ree8 38.a3 Ne7 39.R5f2 h5 40.Nxf6+ gxf6 41.b4 f5 42.Rb1 a6 43.a4 Ra8
44.Rfb2 f4 45.exf4 Rxf4 46.b5 axb5 47.axb5 Ra7 48.bxc6 bxc6 49.g3 Rf3 50.Kg2 Rd3
51.Rb4 Ra2+ 52.Kh3 Rdd2 53.Kh4 Rxh2+ 54.Kg5 Kf7 55.Rb7 Raf2 56.Rc7 Rf5+ 57.Kh6 Rf6+
58.Kg5 Rg6+ 59.Kf4 Rf2+ 60.Ke3 Rf3+ 61.Ke2 Rgxg3 62.Rbb7 Re3+ 63.Kf2 Rgf3+
64.Kg2 Re2+ 65.Kg1 Ref2 66.Rxe7+ Kf6 67.Rg7 Rf1+ 68.Kg2 R3f2+ 69.Kg3 Rg1+
70.Kxf2 Rxg7 71.Rb6 Rc7 72.Kg3 Kf5 73.Rb8 Rf7 74.Rh8 Rg7+ 75.Kh4 Kf4 76.Kxh5 Rc7
77.Ra8 e3 78.Rf8+ Ke4 79.Kg4 Kxd4 80.Kf3 Re7 81.Ke2 Re6 82.Rf1 Kxc5 83.Rc1+ Kd6
84.Ra1 d4 85.Ra4 Kd5 86.Ra3 c5 87.Ra4 Ke4 88.Rc4 Re5 89.Ra4 Rf5 90.Ra8 d3+
91.Ke1 Kd4 92.Rd8+ Rd5 93.Rh8 Kc3 94.Kd1 e2+ 95.Ke1 d2+ 96.Kxe2 d1=Q+ 97.Kf2 Qd4+
98.Kf3 Qxh8  0-1

[Event "Goetzis op"]
[Site "Goetzis"]
[Date "1996.??.??"]
[Round "1"]
[White "Haemmerle, Dietmar"]
[Black "Friedrich, Norbert"]
[Result "0-1"]
[WhiteElo "1700"]
[BlackElo "2345"]

1.c4 c6 2.Nc3 d5 3.cxd5 cxd5 4.d4 Nf6 5.Nf3 Nc6 6.g3 Bf5 7.a3 h6 8.Bg2 e6
9.O-O Bd6 10.b4 O-O 11.Re1 Rc8 12.Bd2 Ne4 13.Rc1 Qf6 14.Be3 Nxc3 15.Rxc3 Ne7
16.Rxc8 Nxc8 17.Qa4 a6 18.Rc1 Nb6 19.Qb3 Nc4 20.Qc3 Rc8 21.Ne1 Rc6 22.Qb3 Qd8
23.Rc3 Qc7 24.f4 b5 25.Nf3 a5 26.bxa5 Nxa5 27.Rxc6 Qxc6 28.Qa2 Qc4 29.Qb2 Qb3
30.Qc1 Nc4 31.Bd2 Bxa3 32.Qe1 Bb2 33.Bc1 Bc3 34.Bd2 Nxd2 35.Nxd2 Qc2 36.e4 Bxd2
37.Qe2 dxe4 38.Qxb5 Be3+ 39.Kh1 Qd1+ 40.Bf1 Bh3  0-1

[Event "Goetzis-A"]
[Site "Goetzis"]
[Date "1996.??.??"]
[Round "7"]
[White "Sulava, Nenad"]
[Black "Gaertner, Guntram"]
[Result "1/2-1/2"]
[WhiteElo "2430"]
[BlackElo "2380"]

1.c4 c6 2.g3 d5 3.Nf3 Nf6 4.b3 Bf5 5.Bg2 e6 6.O-O Be7 7.Bb2 h6 8.d3 O-O 9.Nbd2 Nbd7
10.a3 a5 11.Rc1 Qb8 12.Rc2 Bh7 13.Qa1  1/2-1/2

[Event "Graz op"]
[Site "Graz"]
[Date "1996.??.??"]
[Round "?"]
[White "Deutsch, Ludwig"]
[Black "Nickl, Klaus"]
[Result "0-1"]
[WhiteElo "2250"]
[BlackElo "2155"]

1.c4 c6 2.g3 d5 3.Bg2 Nf6 4.d4 Bf5 5.Nf3 e6 6.O-O h6 7.Nc3 Be7 8.Ne5 Nbd7
9.Qb3 Qb6 10.Nxd7 Nxd7 11.e4 dxe4 12.Nxe4 Nf6 13.Qxb6 axb6 14.Nc3 Bd3 15.b3 Bxf1
16.Kxf1 O-O 17.a4 Rfd8 18.Ne2 Rd7 19.Bb2 Rad8 20.Nf4 Rxd4 21.Bxd4 Rxd4 22.Ke2 e5
23.Nd3 e4 24.Nb2 Bc5 25.Bh3 Ne8 26.Rd1 g6 27.Rxd4 Bxd4 28.Nd1 f5 29.g4 f4
30.f3 e3 31.Bf1 Nf6 32.Ke1 Nd7 33.Bd3 Kg7 34.Ke2 Nc5 35.Bc2 Ba1 36.b4 Ne6  0-1

[Event "Graz op"]
[Site "Graz"]
[Date "1996.??.??"]
[Round "?"]
[White "Beim, Valery"]
[Black "Zak, Uriel"]
[Result "1-0"]
[WhiteElo "2570"]
[BlackElo "2405"]

1.c4 c6 2.e4 d5 3.exd5 cxd5 4.d4 Nf6 5.Nc3 Nc6 6.Bg5 dxc4 7.d5 Ne5 8.Qd4 Nfd7
9.Bf4 Ng6 10.Bg3 a6 11.h4 h5 12.Bxc4 Qb6 13.Qxb6 Nxb6 14.Bd3 e6 15.Bxg6 fxg6
16.d6 Bd7 17.Nf3 Bc6 18.Ng5 Bxg2 19.Rg1 Bd5 20.O-O-O Rc8 21.Kb1 Rg8 22.Rge1 Rxc3
23.bxc3 Kd7 24.Nf7 Nc4 25.Ne5+ Nxe5 26.Rxe5 Rh8 27.c4 Bf3 28.Rd4 Bc6 29.Rf4 Bxd6
30.Rd4 Bd5 31.cxd5 exd5 32.Rexd5  1-0

[Event "SLO-ch"]
[Site "Grize"]
[Date "1996.??.??"]
[Round "?"]
[White "Petek, P."]
[Black "Krumpacnik, Domen"]
[Result "1/2-1/2"]
[WhiteElo "2145"]
[BlackElo "2385"]

1.c4 c6 2.d4 d5 3.cxd5 cxd5 4.Nc3 Nc6 5.Bf4 a6 6.Nf3 Nf6 7.e3 Qb6 8.Qb3 Qxb3
9.axb3 Bf5 10.Ne5 Nb4 11.Ra4 a5 12.Bb5+ Bd7 13.Nxd7 Nxd7 14.Kd2 Kd8 15.Rha1 e5
16.Bxe5 Nxe5 17.dxe5 b6 18.Nxd5 Nxd5 19.Rd4 Bb4+ 20.Ke2 Ke7 21.Rxd5 Rhd8
22.Rad1 Rxd5 23.Rxd5 Rc8 24.Rd7+ Ke6 25.Rb7 Rc2+ 26.Kf3 Kxe5 27.Rxf7 Rxb2
28.Bc4 Be1 29.Kg3 g5 30.Rxh7 Rxf2 31.Kh3 Rc2 32.Re7+ Kd6 33.Re6+ Kc7 34.Re7+ Kd6
35.Re6+ Kc7 36.Bd5 b5 37.Re5 a4 38.bxa4 bxa4 39.Rxg5 a3 40.Rg7+ Kd6 41.e4 Bb4
42.Ra7 Ke5 43.Ra8 Bd6 44.Re8+ Kd4 45.Re6 Kc5 46.e5 Kxd5 47.Rxd6+ Kxe5 48.Ra6 a2
49.Ra3 Rc3+ 50.Rxc3 a1=Q 51.Rf3 Ke4 52.Kg3 Qe1+ 53.Kg4 Qd2 54.Kg3 Qd6+ 55.Kf2 Qd4+
56.Kf1 Qd2 57.h4 Qc2 58.h5 Qc1+ 59.Kf2 Qc5+ 60.Kf1 Qb5+ 61.Kf2 Qb6+ 62.Kf1 Qh6
63.Kf2 Qxh5 64.Rh3 Qc5+ 65.Kf1 Kf4 66.Rf3+ Kg4 67.Rh3 Qd4 68.Rf3 Qa1+ 69.Kf2 Qa7+  1/2-1/2

[Event "SLO-ch"]
[Site "Grize"]
[Date "1996.??.??"]
[Round "?"]
[White "Petek, P."]
[Black "Soln, Primoz"]
[Result "0-1"]
[WhiteElo "2175"]
[BlackElo "2330"]

1.c4 c6 2.Nf3 Nf6 3.b3 d5 4.Bb2 Bg4 5.g3 e6 6.Bg2 Nbd7 7.O-O Bd6 8.Nc3 O-O
9.d3 Re8 10.a3 a5 11.Qd2 Nc5 12.Qc2 Bxf3 13.Bxf3 Qb6 14.Rab1 Qxb3 15.Qd2 d4
16.Ne4 Nfxe4 17.Bxe4 Nxe4 18.dxe4 Qxc4 19.Rfc1 Qa4 20.Bxd4 Bxa3 21.Rd1 Red8
22.Qa2 c5 23.Rd3 Rxd4 24.Rxa3 Rd1+ 25.Rxd1 Qxd1+ 26.Kg2 Qd8 27.Rd3 Qe8 28.e5 b5
29.Rd6 a4 30.Qc2 a3  0-1

[Event "Koop Tjuchem op"]
[Site "Groningen"]
[Date "1996.??.??"]
[Round "7"]
[White "Smirin, Ilia"]
[Black "Vysochin, Spartak"]
[Result "1-0"]
[WhiteElo "2625"]
[BlackElo "2480"]

1.c4 c6 2.e4 d5 3.exd5 cxd5 4.d4 Nf6 5.Nc3 e6 6.Nf3 Be7 7.c5 b6 8.b4 a5 9.Bf4 axb4
10.Nb5 Na6 11.c6 O-O 12.Bd3 Ne4 13.O-O Nd6 14.Ne5 Nxb5 15.Bxb5 Nc7 16.Bd3 Ba6
17.Bxa6 Rxa6 18.Nd7 Re8 19.Qg4 Nb5 20.Be5 g6 21.Rfe1 Ra3 22.Re3 Na7 23.Rxa3 bxa3
24.Qf4 Bg5 25.c7 Qe7 26.Nf6+ Qxf6 27.Qxf6 Bxf6 28.Bxf6 Rc8 29.Rc1 Kf8 30.g4 Ke8
31.Rc3 Kd7 32.Rxa3 Rxc7 33.Rh3 Nb5 34.Rxh7 Kc6 35.h4 Nc3 36.h5 gxh5 37.gxh5 Ne4
38.Be5 Ra7 39.Rg7 Ra8 40.Rxf7 Rg8+ 41.Rg7 Rxg7+ 42.Bxg7 Kd7 43.h6 Ng5 44.a4 Ke7
45.Kg2 Kf7 46.Be5 Kg6 47.Bc7 Ne4 48.Bxb6  1-0